000 00688nam a2200241 a 4500
008
020 _a0471908746 (pbk.)
049 _aMAIN
090 _aQD478
100 1 _aWest, Anthony R.
245 1 0 _aSolid state chemistry and its applications /
_cAnthony R. West.
260 _aChichester :
_bWiley ,
_c1984.
300 _avii, 734 p. :
_bill. ;
_c23 cm.
504 _aIncludes bibliographical references.
500 _aIncludes index.
650 _aChemistry.
650 _aSolid state chemistry.
907 _a.b10020378
_b21-06-06
_c17-04-03
003
005 20230123134127.0
040 _cNUST
942 _cBOOKS
_kQD478
999 _c160518
_d160518